书目信息 |
| 题名: |
青年心理健康教程
|
|
| 作者: | 柳建营 刘晓明 | |
| 分册: | ||
| 出版信息: | 北京 北京工业大学出版社 2002 |
|
| 页数: | 366 | |
| 开本: | 20cm | |
| 丛书名: | 大学生品德修养丛书 | |
| 单 册: | ||
| 中图分类: | C43 | |
| 科图分类: | ||
| 主题词: | 社会科学--教材 | |
| 电子资源: | ||
| ISBN: | 7-5639-1160-X | |
| 000 | 00637nam0 2200205 450 | |
| 001 | 0735257515 | |
| 005 | 20070904094737.51 | |
| 010 | @a7-5639-1160-X | |
| 100 | @a20070904d km y0chiy0120 ea | |
| 101 | 0 | @achi |
| 200 | 1 | @a青年心理健康教程@Aqing nian xin li jian kang jiao cheng@f柳建营 刘晓明@Fliu jian ying liu xiao ming |
| 210 | @a北京@c北京工业大学出版社@d2002 | |
| 215 | @a366@c18.60@d20cm | |
| 225 | 2 | @a大学生品德修养丛书 |
| 410 | 0 | @12001 @a大学生品德修养丛书 |
| 606 | 0 | @a社会科学@x教材 |
| 690 | @aC43@v3 | |
| 701 | 0 | @a柳建营 刘晓明@Aliu jian ying liu xiao ming |
| 801 | 0 | @aCN@bPFT@c20070904 |
| 905 | @a213230@dC43@ea1@f1 | |
| 青年心理健康教程/柳建营 刘晓明.-北京:北京工业大学出版社,2002 |
| 366:18.60;20cm.-(大学生品德修养丛书) |
| ISBN 7-5639-1160-X: |
| ● |
| 相关链接 |
|
|
|
|
正题名:青年心理健康教程
索取号:C43/a1
 
预约/预借
| 序号 | 登录号 | 条形码 | 馆藏地/架位号 | 状态 | 备注 |
| 1 | 7500939 | 275009394 | 史法系资料室/ [索取号:C43/a1] | 在馆 |